000
00305nam a2200133Ia 4500
008
191201s2007 xx 000 0 und d
100
_a
SINGH, Sadhu
245
0
_a
Strength of Materials
250
_a
9th
260
_c
2007
_b
Khanna Publisher
_a
N.Delhi
300
_a
1162
650
_a
ME
942
_2
ddc
_c
BB
999
_c
7226
_d
7226